Vývoj medzinárodného obchodu medzi EÚ a Ruskom od roku 2014

Skúmanie vplyvu sankcií EÚ voči Rusku a ruských protiopatrení, ktoré boli zavedené v roku 2014, na vývoj medzinárodného obchodu medzi nimi. Analýza zmeny v objeme zahraničného obchodu medzi Ruskom a EÚ.

Gespeichert in:
Bibliographische Detailangaben
1. Verfasser: Kochajdová, Monika, 1993-
Format: Buchkapitel
Sprache:Slowakisch
Schlagworte:
Tags: Tag hinzufügen
Keine Tags, Fügen Sie das erste Tag hinzu!

MARC

LEADER 00000naa$a2200000$$$4500
001 0269778
005 20240502074228.5
041 0 |a slo 
044 |a SK 
245 1 0 |a Vývoj medzinárodného obchodu medzi EÚ a Ruskom od roku 2014  |c Monika Kochajdová 
520 |a Skúmanie vplyvu sankcií EÚ voči Rusku a ruských protiopatrení, ktoré boli zavedené v roku 2014, na vývoj medzinárodného obchodu medzi nimi. Analýza zmeny v objeme zahraničného obchodu medzi Ruskom a EÚ. 
610 2 0 |a obchod medzinárodný 
610 2 0 |a Európska únia 
610 2 0 |a Rusko 
100 1 |a Kochajdová, Monika, 1993-